| 000 | 00428nam a22001697a 4500 | ||
|---|---|---|---|
| 003 | NUST - PNEC | ||
| 005 | 20170116181118.0 | ||
| 008 | 151004b xxu||||| |||| 00| 0 eng d | ||
| 020 | _a0070115834 | ||
| 040 | _cLIBRARY | ||
| 082 | _a725.23 COH | ||
| 100 |
_913329 _a Cohen, Elaine |
||
| 245 |
_a Planning the electronic office _cElaine Cohen |
||
| 260 | _cc.1983 | ||
| 650 |
_913332 _aOffice layout _xMIS |
||
| 942 |
_2ddc _cBK |
||
| 999 |
_c69443 _d69443 |
||